| 000 | 07426nam a22006257a 4500 | ||
|---|---|---|---|
| 008 | 090225t xxu||||| |||| 00| 0 eng d | ||
| 010 | _aB-348431-464 | ||
| 020 |
_a9788131723821 _c399.00 |
||
| 035 | _aB-348431-464 | ||
| 037 | _bUBH | ||
| 040 |
_adpl _bEnglish |
||
| 082 | _a005.13 | ||
| 100 | _aFoxall, James | ||
| 245 |
_aSams teach yourself Visual Basic 2008 in 24 hours / _cby James Foxall _b |
||
| 260 |
_aDelhi _bDorling Kindersley _c2009 |
||
| 270 |
_a482,F.I.E.Patparganj, _b Delhi _e110092 |
||
| 300 |
_axii, 548p. _c22cm (pbk) _eDVD |
||
| 500 | _aIncludes index | ||
| 942 |
_2ddc _cEN _mFOX _h005.13 |
||
| 999 |
_c24372 _d24372 |
||